[Event "ch-UKR g18"]
[Site "Kyiv UKR"]
[Date "2010.02.01"]
[Round "9"]
[White "Korniyuk,M"]
[Black "Kol'ba,A"]
[Result "1-0"]
[WhiteElo "2067"]
[BlackElo "1971"]

1.e4 d5 2.exd5 Qxd5 3.Nc3 Qd6 4.d4 Nf6 5.Bc4 a6 6.f3 Nc6 7.Nge2 e5 8.Be3 b5
9.Bb3 exd4 10.Nxd4 Ne5 11.Qe2 b4 12.Na4 Nd5 13.O-O-O Bb7 14.Bxd5 Bxd5 15.Nb3 Bc4
16.Qe1 Qe7 17.f4 Nd7 18.Bc5 Nxc5 19.Nbxc5 Be6 20.Qxb4 Qf6 21.Qe4 Rd8 22.Qc6+ Bd7
23.Qxc7 Be6 24.Qc6+ Bd7 25.Rhe1+ Be7 26.Qc7 Be6 27.Nxe6 fxe6 28.Rxd8+ Bxd8
29.Qc6+ Ke7 30.Nc5 Qxf4+ 31.Kb1  1-0

[Event "2nd Chennai Open"]
[Site "Chennai IND"]
[Date "2010.02.02"]
[Round "10"]
[White "Bitoon,R"]
[Black "Palit,S"]
[Result "1-0"]
[WhiteElo "2458"]
[BlackElo "2386"]

1.e4 d5 2.exd5 Qxd5 3.Nc3 Qd6 4.d4 Nf6 5.Nf3 c6 6.Ne5 Nbd7 7.Nc4 Qc7 8.Qf3 Nb6
9.Ne5 Be6 10.Bf4 Nbd5 11.Nxd5 Bxd5 12.Qe3 Qa5+ 13.c3 Be6 14.Bg3 g6 15.Bc4 Nd5
16.Qd2 Bg7 17.O-O O-O 18.b4 Qd8 19.Rfe1 a5 20.b5 cxb5 21.Bxb5 Rc8 22.Rac1 Nb6
23.Qd3 Bxe5 24.Rxe5 Bc4 25.Qb1 e6 26.Rc5 Bxb5 27.Qxb5 Nd5 28.Qxb7 Rxc5 29.dxc5 Nxc3
30.Qb2 Ne4 31.Bf4 e5 32.Qxe5 Re8 33.Qa1 Nxc5 34.Bh6 Ne6 35.g3 Qe7 36.h4 f6
37.Qc3 a4 38.Qc6 a3 39.Re1 Kf7 40.Bc1 Qb4 41.Re3 Qb1 42.Qc4 Re7 43.Kg2 Qb7+
44.Kh2 Qc7 45.Qf1 Qc2 46.Bxa3 Rd7 47.Re2 Rd2 48.Rxd2 Qxd2 49.Qg2 Qxa2 50.Qb7+ Kg8
51.Bb2 Qc4 52.Bxf6 Qc7 53.Qa8+ Kf7 54.Qf3 Kg8 55.Bb2 Qf7 56.Qe3 Qf5 57.Kg2 Qd5+
58.Kg1 Qd1+ 59.Kh2 Qg4 60.Qc3 h5 61.Qh8+ Kf7 62.Qh7+ Ke8 63.Bf6 Kf8 64.Be7+ Ke8
65.Bf6 Kf8 66.Qe7+ Kg8 67.Qe8+ Nf8 68.Be7 Qf5 69.Qxf8+ Qxf8 70.Bxf8 Kxf8
71.Kg2 Ke7 72.Kf3 Kf7 73.Ke3 Ke7 74.Ke4 Ke6 75.Kf4 Kf6 76.f3 Kf7 77.Ke5 Ke7
78.f4 Kf7 79.f5 Kg7 80.Ke6 Kh6 81.f6  1-0

[Event "2nd Chennai Open"]
[Site "Chennai IND"]
[Date "2010.02.02"]
[Round "10"]
[White "Satyapragyan,S"]
[Black "Siddharth,R"]
[Result "0-1"]
[WhiteElo "2480"]
[BlackElo "2424"]

1.e4 d5 2.exd5 Qxd5 3.Nc3 Qd8 4.d4 Nf6 5.Bg5 c6 6.Qd2 Bf5 7.Bxf6 gxf6 8.Bd3 Bg6
9.Nge2 e6 10.O-O-O Qa5 11.Qe3 Nd7 12.Qh3 Bxd3 13.Rxd3 O-O-O 14.Kb1 Nb6 15.Nc1 h5
16.Nb3 Qg5 17.Re1 f5 18.Qf3 Qg4 19.h3 Qxf3 20.Rxf3 h4 21.g4 hxg3 22.Rxg3 Bd6
23.Rg7 Rdf8 24.Rh1 Be7 25.Ne2 Bf6 26.Rgg1 Rh4 27.c3 Rfh8 28.Rg3 Nc4 29.Kc2 R4h7
30.Nd2 Nd6 31.f3 Bh4 32.Rg2 Bd8 33.Ng1 Rh4 34.Kd3 Bc7 35.Rg7 Kd8 36.Nf1 Ke7
37.Ne3 Ne8 38.Rg2 Nf6 39.Re2 Kf8 40.Rg2 R4h6 41.a4 Nh5 42.Ne2 Nf4+ 43.Nxf4 Bxf4
44.Nc4 Bc7 45.b4 Rxh3 46.Rxh3 Rxh3 47.Rf2 Rh1 48.Rg2 Ke7 49.b5 Rd1+ 50.Ke2 Rb1
51.bxc6 bxc6 52.Kd3 Bf4 53.Rb2 Rxb2 54.Nxb2 Bc1 55.Nc4 f6 56.Na5 Kd7 57.Nb3 Ba3
58.Nd2 e5 59.Nc4 Bd6 60.Ne3 Ke6 61.c4 exd4 62.Kxd4 Bc7 63.Ng2 Bb6+ 64.c5 Bc7
65.f4 Ba5 66.Kc4 Bd2 67.Kd3 Bc1 68.Kc4 Kd7 69.Kb4 Kc7 70.Kc4 Kb7 71.Kb3 Ka6
72.Kc4 Ka5 73.Kb3 Bd2 74.Nh4 Bxf4 75.Nxf5 Ka6 76.Kc4 Kb7 77.Kd3 Kc7 78.Ke4 Be5
79.Ne3 Kd7 80.Nf5 Bh2 81.Kd4 Bg1+ 82.Kc4 Ke6 83.Nd6 f5 84.Nc8 f4 85.Nxa7 f3
86.Kd3 Kd7  0-1

[Event "ch-UKR g18"]
[Site "Kyiv UKR"]
[Date "2010.02.02"]
[Round "10"]
[White "Tantsiura,M"]
[Black "Rakhmangulova,A"]
[Result "0-1"]
[WhiteElo "1998"]
[BlackElo "2089"]

1.e4 d5 2.exd5 Qxd5 3.Nc3 Qd6 4.d4 a6 5.Bd3 Nf6 6.Nge2 b5 7.Bf4 Qb6 8.a3 Bb7
9.f3 Nbd7 10.a4 c6 11.Qd2 e6 12.O-O Bb4 13.Kh1 O-O 14.Qd1 Rad8 15.Ne4 Nxe4
16.fxe4 bxa4 17.Rxa4 Be7 18.Qa1 c5 19.c3 e5 20.Bd2 Qg6 21.d5 Nb6 22.Ra5 Bxd5
23.Rxa6 Bb7 24.Rxb6 Qxb6 25.Rf3 c4 26.Be3 Qb3 27.Nc1 Qb5 28.Be2 Bxe4  0-1

[Event "ch-ROU m"]
[Site "Baile Olanesti ROU"]
[Date "2010.02.03"]
[Round "5"]
[White "Malureanu,C"]
[Black "Spulber,C"]
[Result "1/2-1/2"]
[WhiteElo "2096"]
[BlackElo "2312"]

1.e4 d5 2.exd5 Qxd5 3.Nc3 Qd6 4.d4 Nf6 5.Nf3 Bg4 6.g3 c6 7.Bg2 e6 8.O-O Be7
9.Bf4 Qd8 10.a3 Nbd7  1/2-1/2

[Event "8th Gibtelecom Masters"]
[Site "Caleta ENG"]
[Date "2010.02.03"]
[Round "9"]
[White "Odeh,K"]
[Black "Rough,R"]
[Result "1-0"]
[WhiteElo "2012"]
[BlackElo "1811"]

1.e4 d5 2.exd5 Qxd5 3.Nc3 Qd6 4.d4 c6 5.Nf3 Bf5 6.Bd3 Bxd3 7.Qxd3 Nf6 8.Bd2 e6
9.O-O Be7 10.Ne2 O-O 11.Bf4 Qd8 12.Rad1 Nbd7 13.Rfe1 c5 14.Qb3 Qb6 15.Qxb6 Nxb6
16.dxc5 Bxc5 17.Bd6 Bxd6 18.Rxd6 Rfd8 19.Rdd1 Kf8 20.b3 Ke7 21.Kf1 Rxd1 22.Rxd1 Rd8
23.Rxd8 Kxd8 24.c4 h6 25.Nc3 a6 26.Ke2 Nfd7 27.Ke3 Kc7 28.Kd4 Nf6 29.Ne5 Nbd7
30.Nxf7 Ng4 31.h3 Ngf6 32.Ne4 Ne8 33.Ne5 Nb8 34.Nc5 b6 35.Nxe6+ Kd6 36.Nf4 Nf6
37.b4 Nbd7 38.Nxd7 Kxd7 39.Nd5  1-0

[Event "8th Gibtelecom Masters"]
[Site "Caleta ENG"]
[Date "2010.02.03"]
[Round "9"]
[White "Getz,N"]
[Black "Zatonskih,A"]
[Result "1-0"]
[WhiteElo "2280"]
[BlackElo "2466"]

1.e4 d5 2.exd5 Qxd5 3.Nc3 Qd6 4.d4 c6 5.Nf3 Bg4 6.g3 Bxf3 7.Qxf3 Qxd4 8.Bg2 Nf6
9.O-O Nbd7 10.Bf4 Qb6 11.a4 a6 12.a5 Qd8 13.g4 e6 14.g5 Nd5 15.Nxd5 cxd5
16.c4 Bb4 17.cxd5 e5 18.Qb3 Bxa5 19.Bxe5 Nxe5 20.Qa4+ Qd7 21.Qxa5 O-O 22.Qc3 Qd6
23.f4 Ng6 24.Qd4 Rad8 25.f5 Ne5 26.f6 Rfe8 27.fxg7 Qg6 28.h4 Qh5 29.Rf4 Qe2
30.Rf2 Qg4 31.Qxg4 Nxg4 32.Rd2 Ne3 33.Re1 Nxg2 34.Rxe8+ Rxe8 35.Kxg2 Kxg7
36.Kf3 f6 37.Rc2 fxg5 38.Rc7+ Kg6 39.hxg5 Re5 40.d6 Re8 41.Kf4 Rd8 42.Ke5 Kxg5
43.d7 h5 44.Kd6 h4 45.Rc8 Rxc8  1-0

[Event "8th Gibtelecom Masters"]
[Site "Caleta ENG"]
[Date "2010.02.03"]
[Round "9"]
[White "Obiamiwe,P"]
[Black "Mancini,G"]
[Result "1-0"]
[WhiteElo "2046"]
[BlackElo "1946"]

1.e4 d5 2.exd5 Qxd5 3.Nc3 Qd6 4.Nf3 Nf6 5.Be2 a6 6.O-O b5 7.d4 Bb7 8.h3 Nbd7
9.Bg5 e6 10.Bh4 Rd8 11.Bg3 Qb6 12.a4 b4 13.a5 Qc6 14.d5 exd5 15.Nd4 Qc5 16.Na4 Qa7
17.Bxc7 Rc8 18.Bf4 Bc5 19.Nf5 O-O 20.Bd3 Ne8 21.Be3  1-0

[Event "ch-UKR g18"]
[Site "Kyiv UKR"]
[Date "2010.02.03"]
[Round "11"]
[White "Usoltseva,P"]
[Black "Kol'ba,A"]
[Result "1/2-1/2"]
[WhiteElo "1813"]
[BlackElo "1971"]

1.e4 d5 2.exd5 Qxd5 3.Nc3 Qd6 4.Nf3 Nf6 5.g3 c6 6.Bg2 Bg4 7.O-O e6 8.d3 Be7
9.a3 O-O 10.Ne4 Qd8 11.h3 Bh5 12.g4 Bg6 13.Ne5 Nbd7 14.Nxg6 hxg6 15.f4 Nc5
16.Nxf6+ Bxf6 17.Be3 Bd4 18.Qe2 Qd6 19.Rab1 Rad8 20.Kh1 Bxe3 21.Qxe3 Qd4
22.Qxd4 Rxd4 23.Kh2 a6 24.Kg3 Re8 25.Rfe1 Kf8 26.b3 Nd7 27.Re2 Nf6 28.Rbe1 Rdd8
29.Be4 Nxe4+ 30.Rxe4 Rd5 31.a4 Red8 32.Kf3 R5d6 33.R4e3 Rd4 34.Re4 R4d5 35.Re5  1/2-1/2

[Event "ch-UKR g18"]
[Site "Kyiv UKR"]
[Date "2010.02.03"]
[Round "11"]
[White "Tantsiura,M"]
[Black "Osmak,Iulija"]
[Result "1/2-1/2"]
[WhiteElo "1998"]
[BlackElo "1876"]

1.e4 d5 2.exd5 Qxd5 3.Nc3 Qd6 4.d4 Nf6 5.Bd3 Nc6 6.Nge2 e5 7.Nb5 Qe7 8.Bg5 Be6
9.c4 Nxd4 10.Nexd4 exd4 11.O-O Rd8 12.Bf4 Rd7 13.Be5 Qd8 14.f4 a6 15.f5 Bxc4
16.Nxc7+ Rxc7 17.Bxc7 Qxc7 18.Qe2+ Be7 19.Bxc4 O-O 20.Bd3 Bd6 21.h3 Re8 22.Qc2 Qa5
23.Qf2 Qe5 24.g4 Nd5 25.Rfe1 Ne3 26.Re2 Qd5 27.Rc1 Rd8 28.Qh4 Bf8 29.g5 Nxf5
30.Qe4 Qxe4 31.Rxe4 g6 32.Rc7 Bg7 33.Re1 Nd6 34.Ree7 Bf8 35.Re5 Bg7 36.Ree7 Bf8
37.Re5 Bg7 38.Ree7 Bf8 39.Red7 Rxd7 40.Rxd7 a5 41.Rd8 Kg7 42.Ra8 b6 43.Rb8 b5
44.Bxb5 Be7 45.Bd3 Bxg5 46.Rb6 Nc8 47.Rb5 Bd2 48.Kf1 Ne7 49.Ke2 Bc1 50.Kd1 Be3
51.Rxa5 f5 52.Ra7 Kf6 53.a4 h5 54.a5 Nd5 55.Rb7 Nf4 56.Bf1 g5 57.a6 d3 58.a7 Bxa7
59.Rxa7 g4 60.hxg4 fxg4 61.Kd2 h4 62.Ra4 Kg5 63.Ra5+ Kh6 64.Rf5 Nh5 65.Bxd3 h3
66.Rf8 Kg7 67.Rf5 Kh6 68.Rf8 Kg7 69.Rf5 Kh6 70.Rf8 Kg7 71.Rf5 Kh6 72.Rf8  1/2-1/2

[Event "8th Gibtelecom Masters"]
[Site "Caleta ENG"]
[Date "2010.02.04"]
[Round "10"]
[White "Frey,Ma"]
[Black "Lochte,S"]
[Result "1/2-1/2"]
[WhiteElo "1907"]
[BlackElo "2032"]

1.e4 d5 2.exd5 Qxd5 3.Nc3 Qd6 4.Bc4 Nf6 5.d3 g6 6.Qf3 c6 7.Ne4 Qe5 8.Qe2 Nxe4
9.Qxe4 Qxe4+ 10.dxe4 Bg7 11.Ne2 Nd7 12.O-O b5 13.Bb3 Nc5 14.f3 a5 15.c3 Nxb3
16.axb3 Bb7 17.Be3 O-O 18.Rfd1 Bc8 19.Bc5 Re8 20.Bb4 Be6 21.Rxa5 Bxb3 22.Rxa8 Rxa8
23.Rd7 e5 24.Rc7 Bf8 25.Rxc6 Bxb4 26.cxb4 Ra2 27.Nc3 Rxb2 28.Rc5 Bc4 29.Nxb5 Rxb4
30.Nc3  1/2-1/2

[Event "Open A"]
[Site "Moscow RUS"]
[Date "2010.02.04"]
[Round "6"]
[White "Najer,E"]
[Black "Kovalenko,I"]
[Result "1-0"]
[WhiteElo "2665"]
[BlackElo "2486"]

1.e4 d5 2.exd5 Qxd5 3.Nc3 Qd6 4.d4 Nf6 5.Nf3 Bg4 6.h3 Bh5 7.g4 Bg6 8.Ne5 Nbd7
9.Nb5 Qb6 10.Nc4 Qe6+ 11.Qe2 Qxe2+ 12.Bxe2 Kd8 13.Na5 c6 14.Nc3 Kc8 15.Bf4 e6
16.a3 Nb6 17.O-O-O Be7 18.h4 h5 19.g5 Ne8 20.Bf3 Bd6 21.Ne2 Nd5 22.Be5 Bc7
23.Nb3 Rh7 24.c4 Nb6 25.Na5 Bxe5 26.dxe5 Nd7 27.Nxc6 bxc6 28.Bxc6 Nxe5 29.Bxa8 Nc7
30.Bg2 Nd3+ 31.Kd2 Nxf2 32.Nd4 Nxh1 33.Bxh1 f6 34.Nc6 Be8 35.gxf6 gxf6 36.Nxa7+ Kb8
37.Nc6+ Kb7 38.Nd4+ Ka6 39.Rf1 Rh6 40.b4 Rg6 41.b5+ Kb6 42.Kc3 e5 43.Nb3 Bxb5
44.cxb5 Nxb5+ 45.Kb2 Nd6 46.Bd5 e4 47.Rc1 f5 48.Rc6+ Ka7 49.Nd4 e3 50.Nb5+ Kb8
51.Nxd6 e2 52.Rc8+ Ka7 53.Nc4 Rb6+ 54.Kc2  1-0

[Event "ch-ROU m"]
[Site "Baile Olanesti ROU"]
[Date "2010.02.05"]
[Round "7"]
[White "Berescu,A"]
[Black "Szabo,G ROM"]
[Result "1/2-1/2"]
[WhiteElo "2476"]
[BlackElo "2541"]

1.e4 d5 2.exd5 Qxd5 3.Nc3 Qd8 4.d4 Nf6 5.Nf3 Bg4 6.h3 Bxf3 7.Qxf3 c6 8.Be3 e6
9.Bc4 Bb4 10.O-O O-O 11.Ne4 Nbd7 12.c3 Nxe4 13.Qxe4 Nf6 14.Qh4 Be7 15.Bd3 g6
16.Bg5 Nd5 17.Bxe7 Qxe7 18.Qxe7 Nxe7  1/2-1/2

[Event "TCh-ISR"]
[Site "Israel ISR"]
[Date "2010.02.05"]
[Round "3"]
[White "Kosashvili,Y"]
[Black "Bitensky,I"]
[Result "1-0"]
[WhiteElo "2521"]
[BlackElo "2406"]

1.e4 d5 2.exd5 Qxd5 3.Nc3 Qd6 4.d4 Nf6 5.Nf3 c6 6.g3 Bg4 7.Bg2 e6 8.O-O Be7
9.h3 Bxf3 10.Bxf3 O-O 11.Qd3 Rd8 12.Rd1 Nbd7 13.Qe2 Qc7 14.b3 Qa5 15.Rd3 e5
16.Bb2 exd4 17.Qxe7 Re8 18.Qd6 dxc3 19.Bxc3 Qc5 20.Rad1 h5 21.Qxc5 Nxc5 22.Rd4 Nce4
23.Bb2 Re6 24.Rd8+ Rxd8 25.Rxd8+ Kh7 26.c4 Kg6 27.Kg2 Kf5 28.Bd4 a6 29.Bd1 Rd6
30.Rxd6 Nxd6 31.Bxf6 Kxf6 32.Bxh5 Ne4 33.Bg4 a5 34.Kf3 Nc3 35.Bc8 b6 36.Bb7 c5
37.a4 Ke5 38.Ke3 Na2 39.f4+ Kd6 40.Be4 Nb4 41.g4 Na6 42.Bd5 Ke7 43.h4 Nc7
44.f5 f6 45.Ke4 Ne8 46.Bc6 Nd6+ 47.Kd5 Nf7 48.Bb5 Ne5 49.g5 Nf3 50.Kc6 Nxh4
51.gxf6+ gxf6 52.Kxb6 Nxf5 53.Kxa5 Nd4 54.Kb6 f5 55.Ba6 Nxb3 56.Bb7 Nd2 57.Bd5 f4
58.a5 f3 59.a6 f2 60.Bg2 Nxc4+ 61.Kxc5 Ne3 62.Bh3  1-0

[Event "Georgi Tringov Mem"]
[Site "Plovdiv BUL"]
[Date "2010.02.05"]
[Round "8"]
[White "Simeonov,S"]
[Black "Chatalbashev,B"]
[Result "0-1"]
[WhiteElo "2366"]
[BlackElo "2561"]

1.e4 d5 2.exd5 Qxd5 3.Nc3 Qd6 4.d4 Nf6 5.Bc4 Nbd7 6.Bb3 c5 7.Nge2 cxd4 8.Nxd4 a6
9.Be3 e6 10.Qe2 Be7 11.O-O-O Qe5 12.g4 Nc5 13.f4 Nxb3+ 14.Nxb3 Qc7 15.g5 Nd7
16.f5 Ne5 17.Rhf1 Qc4 18.Qe1 f6 19.gxf6 gxf6 20.Rf4 Qc7 21.Qg3 Nc4 22.Qg7 Rf8
23.Rh4 Nxe3 24.Qxh7 Nxd1 25.Qg6+ Rf7 26.Rh7 Bf8 27.Kxd1 b5 28.Ne4 Ra7 29.Nxf6+ Kd8
30.Nd4 Qd6 31.Rxf7 Qxd4+ 32.Ke2 Rxf7 33.Qxf7 Bc5 34.Qg8+ Kc7 35.Ne8+ Kb6
36.f6 Qe3+ 37.Kd1 Bb7  0-1

[Event "Bundesliga 2009-10"]
[Site "Berlin GER"]
[Date "2010.02.06"]
[Round "8"]
[White "Chernov,Va"]
[Black "Muse,D"]
[Result "1-0"]
[WhiteElo "2433"]
[BlackElo "2367"]

1.e4 d5 2.exd5 Qxd5 3.Nc3 Qd6 4.d4 Nf6 5.Nf3 c6 6.Ne5 Nbd7 7.Nc4 Qc7 8.Qf3 Nb6
9.Bf4 Qd8 10.Be5 Be6 11.Na5 Nbd5 12.Nb3 Nxc3 13.Qxc3 Bd5 14.Qg3 b5 15.Bd3 g6
16.O-O Bg7 17.Rfe1 O-O 18.h3 a6 19.Nc5 Ra7 20.a4 Qa8 21.c3 Nh5 22.Qe3 Bxe5
23.Qxe5 Ng7 24.Be4 Rd8 25.axb5 axb5 26.Ra6 Rxa6 27.Nxa6 Bxe4 28.Nc7 Qb7 29.Rxe4 Rd7
30.Na6 Rd6 31.Nc5 Qb6 32.Qxe7 Nf5 33.Qe8+  1-0

[Event "Georgi Tringov Mem"]
[Site "Plovdiv BUL"]
[Date "2010.02.06"]
[Round "9"]
[White "Janev,E"]
[Black "Panbukchian,V"]
[Result "1-0"]
[WhiteElo "2461"]
[BlackElo "2361"]

1.e4 d5 2.exd5 Qxd5 3.Nc3 Qd6 4.d4 Nf6 5.Nf3 a6 6.g3 Bg4 7.h3 Bh5 8.Bg2 Nc6
9.d5 Nb4 10.Bf4 Qc5 11.Be3 Qa5 12.O-O Nbxd5 13.Bd2 O-O-O 14.Ne2 Qa4 15.b3 Qa3
16.g4 Bg6 17.Ne5 e6 18.c4 Nb6 19.Nf4 Rxd2 20.Qxd2 Bb4 21.Qe2 Bc3 22.Nfxg6 hxg6
23.Nxf7 Bxa1 24.Nxh8 Bd4 25.Qxe6+ Kb8 26.g5  1-0

[Event "4th SOP-SMAOK Open"]
[Site "Athens GRE"]
[Date "2010.02.09"]
[Round "5"]
[White "Sigouros,I"]
[Black "Georgiopoulos,H"]
[Result "1/2-1/2"]
[WhiteElo "2001"]
[BlackElo "1872"]

1.e4 d5 2.exd5 Qxd5 3.Nc3 Qd6 4.d4 Nf6 5.Nf3 Bg4 6.h3 Bh5 7.g4 Bg6 8.Ne5 Nbd7
9.Nxg6 hxg6 10.Bg2 O-O-O 11.Qf3 Qa6 12.g5 Nh5 13.Qxf7 e5 14.Be3 Bb4 15.Qb3 exd4
16.Qxb4 dxe3 17.fxe3 Ne5 18.Rd1 Rde8 19.Ne4 Nc6 20.Qb3 Rxe4 21.Bxe4 Ng3 22.Qe6+ Kb8
23.Kf2 Qe2+ 24.Kxg3 Qxe3+ 25.Kg2 Qe2+ 26.Kg3 Qe3+ 27.Kh2 Qe2+ 28.Kg3 Qe3+
29.Kg4 Qe2+  1/2-1/2

[Event "FSIMB February"]
[Site "Budapest HUN"]
[Date "2010.02.10"]
[Round "5"]
[White "Farago,S"]
[Black "Mozes,E"]
[Result "1/2-1/2"]
[WhiteElo "2234"]
[BlackElo "2275"]

1.e4 d5 2.exd5 Qxd5 3.Nc3 Qd6 4.d4 a6 5.Nf3 Nf6 6.Be3 Bf5 7.Ne5 Nc6 8.Nxc6 Qxc6
9.Bd3 Bxd3 10.Qxd3 e6 11.O-O O-O-O 12.Rad1 Nd5 13.Nxd5 exd5 14.Qf5+ Qe6 15.Qxe6+ fxe6
16.Rfe1 Kd7 17.Bg5 Be7 18.Bxe7 Kxe7 19.Re3 Rhf8  1/2-1/2

[Event "TCh-Eur Seniors"]
[Site "Dresden GER"]
[Date "2010.02.10"]
[Round "1"]
[White "Winiwarter,F"]
[Black "Koskinen,V"]
[Result "1/2-1/2"]
[WhiteElo "2192"]
[BlackElo "1990"]

1.e4 d5 2.exd5 Qxd5 3.Nc3 Qd6 4.d4 Nf6 5.Nf3 a6 6.Be2 Nc6 7.h3 Bf5 8.Be3 O-O-O
9.Qd2 e5 10.O-O-O exd4 11.Nxd4 Nxd4 12.Bxd4 c5 13.Be5 Qxd2+ 14.Rxd2 Rxd2
15.Kxd2 Nd7 16.Bf4 Be7 17.Bc4 Bg6 18.Re1 Bd8 19.Nd5 Nb6 20.Nxb6+ Bxb6 21.Re7 Rd8+
22.Ke3 Rd7 23.Re8+ Rd8 24.Re7 Rd7 25.Re8+ Rd8 26.Re7 Rd7  1/2-1/2

[Event "TCh-Eur Seniors"]
[Site "Dresden GER"]
[Date "2010.02.10"]
[Round "1"]
[White "Henrichsen,J"]
[Black "Sorensen,B"]
[Result "0-1"]
[WhiteElo "1974"]
[BlackElo "2240"]

1.e4 d5 2.exd5 Qxd5 3.Nc3 Qd6 4.d4 Nf6 5.Nf3 a6 6.Be2 b5 7.a3 Bb7 8.O-O e6
9.Bg5 Be7 10.Bh4 c5 11.Bg3 Qc6 12.Ne1 Nbd7 13.Bf3 Qb6 14.a4 cxd4 15.Bxb7 Qxb7
16.Qxd4 O-O 17.axb5 axb5 18.Rxa8 Rxa8 19.Nd3 b4 20.Ne2 Nb6 21.b3 Rd8 22.Qe5 Nbd5
23.Nef4 Bd6 24.Qe1 Nc3 25.Qe3 h6 26.Ra1 Bb8 27.h3 Nfe4 28.Nc5 Nxc5 29.Qxc5 Bxf4
30.Ra7 Qe4 31.Qe7 Rf8 32.Rb7 Qe1+ 33.Kh2 Ne2 34.Bxf4 Qg1+  0-1

[Event "Cotroceni Women"]
[Site "Bucharest ROU"]
[Date "2010.02.11"]
[Round "2"]
[White "Muzychuk,M"]
[Black "Foisor,C"]
[Result "1/2-1/2"]
[WhiteElo "2447"]
[BlackElo "2440"]

1.e4 d5 2.exd5 Qxd5 3.Nc3 Qd6 4.d4 Nf6 5.Nf3 g6 6.Nb5 Qb6 7.c4 c6 8.c5 Qd8
9.Nc3 Bg7 10.Bc4 O-O 11.O-O Bg4 12.Be3 Nbd7 13.h3 Bxf3 14.Qxf3 e6 15.b4 Nd5
16.Nxd5 exd5 17.Bb3 a6 18.Rad1 Re8 19.a4 Nf8 20.Qg3 Ne6 21.f4 f5 22.Qf3 Qe7
23.Rd3 Rf8 24.Bc2 Rf7 25.Rb1 Qh4 26.Qf2 Qxf2+ 27.Kxf2 Re7 28.Bd1 g5 29.g3 gxf4
30.gxf4 Bh6 31.Kf3 Rg7 32.Bc2 Kf7 33.Rdd1 Kf6 34.Rg1 Rxg1 35.Rxg1 Bxf4 36.Bxf4 Nxd4+
37.Kf2 Nxc2 38.Bd2 d4 39.Ke2 Ne3 40.Kd3 Re8 41.Kxd4 Re4+ 42.Kd3 Nd5 43.b5 Rxa4
44.b6 Kf7 45.Rg5 Ra3+ 46.Kd4 Rxh3 47.Rxf5+ Ke6 48.Rf8 Rh4+ 49.Kd3 Rh3+ 50.Kc2 Ke5
51.Rf7 Kd4 52.Rxb7 Kxc5 53.Bg5 Rh2+ 54.Kb3 Rg2 55.Rg7 Rg3+ 56.Kb2 Rxg5 57.Rxg5 Kxb6
58.Rh5 Kb5 59.Rxh7 a5 60.Rh5 Kb6 61.Kb3 Nf4 62.Rf5 Nd3 63.Kc4 Nb4 64.Rh5 Na6
65.Kb3 Nb4 66.Ka4 Nd5 67.Rg5 Ka6 68.Rh5 Kb6 69.Kb3 Nf6 70.Rg5 Ne4 71.Re5 Nd6
72.Ka4 Nb7 73.Rh5 Nc5+ 74.Ka3 Kb5 75.Rg5 Kc4 76.Rh5 Nb7 77.Rh1 Kd5 78.Rh5+ Kd6
79.Rh7  1/2-1/2

[Event "TCh-Eur Seniors"]
[Site "Dresden GER"]
[Date "2010.02.11"]
[Round "2"]
[White "Kugelmann,W"]
[Black "Haubt,G"]
[Result "1-0"]
[WhiteElo "2210"]
[BlackElo "2266"]

1.e4 d5 2.exd5 Qxd5 3.Nc3 Qd6 4.Nf3 Nf6 5.d4 a6 6.Bc4 b5 7.Bb3 Bg4 8.h3 Bh5
9.g4 Bg6 10.Ne5 e6 11.Qf3 Ra7 12.Nxg6 hxg6 13.Be3 c5 14.dxc5 Qc6 15.Qxc6+ Nxc6
16.O-O-O Rd7 17.f3 Rxd1+ 18.Kxd1 Na5 19.g5 Nd7 20.Ne4 Kd8 21.a3 Nxb3 22.cxb3 Kc7
23.b4 f5 24.Nf2 e5 25.Ke2 Be7 26.Bd2 Rh4 27.Rg1 Nb8 28.f4 Nc6 29.fxe5 Kd7
30.Bc3 Ke6 31.Rg3 Rh5 32.Nd3 Rxg5 33.Nf4+ Kf7 34.e6+ Ke8 35.Rxg5 Bxg5 36.Nxg6 Bh6
37.Kf3 Nd8 38.Nh4 f4 39.Nf5 Nxe6 40.Nxh6 gxh6 41.Be5 Ng5+ 42.Kg4 f3 43.Bd4 Kf7
44.h4 Ne6 45.Be3 Ng7 46.Kxf3 Nf5 47.Bf2 Ke6 48.Ke4 Ng7 49.b3 Nf5 50.Kf4 Ng7
51.Kg4 Ke5 52.Be3 Nf5 53.Bf4+ Ke6 54.h5 Nd4 55.Bxh6 Nxb3 56.Be3 Na1 57.h6  1-0

[Event "Cotroceni Women"]
[Site "Bucharest ROU"]
[Date "2010.02.13"]
[Round "4"]
[White "Vajda,S"]
[Black "Foisor,C"]
[Result "1/2-1/2"]
[WhiteElo "2369"]
[BlackElo "2440"]

1.e4 d5 2.exd5 Qxd5 3.Nc3 Qd6 4.d4 Nf6 5.Nf3 g6 6.g3 Bg7 7.Bg2 Qa6 8.Qe2 O-O
9.O-O Qxe2 10.Nxe2 Bf5 11.Ne5 c6 12.c3 Nbd7 13.Nxd7 Nxd7 14.d5 c5 15.Be3 Rac8
16.Rad1 b6 17.h3 h5 18.Bg5 Rfe8 19.Rfe1 Bf6 20.Bxf6 exf6 21.Nf4 Kf8 22.Re3 Rxe3
23.fxe3 Ne5 24.e4 Bd7 25.Nd3 Ke7 26.Nxe5 fxe5 27.Kf2 Kd6 28.Ke3 h4 29.g4 Rf8
30.Rf1 f6 31.Rf2 c4 32.Bf1 Kc5 33.b4+ cxb3 34.axb3 a5 35.Bd3 b5 36.Ra2 a4
37.b4+ Kd6 38.Rf2 a3 39.Bb1 f5 40.gxf5 gxf5 41.exf5 Rg8 42.f6 Bxh3 43.f7 Rf8
44.Rh2 Bc8 45.Rxh4 Rxf7 46.Rh6+ Kc7 47.Ba2 Rf1 48.d6+ Kc6 49.d7+ Kxd7 50.Rh7+ Kc6
51.Ra7 Kb6 52.Rxa3 Bb7 53.Be6 Rf3+ 54.Kd2 Rf6 55.Bg4 Rg6 56.Be2 Rg2 57.Ke3 Rg3+
58.Kd2 e4 59.Ra1 Bd5 60.Re1 Rh3 61.Bf1 Rh2+ 62.Re2 Rh4 63.Ke3 Bc4 64.Rf2 Bxf1
65.Rxf1 Rh3+ 66.Kxe4 Rxc3  1/2-1/2

[Event "TCh-Eur Seniors"]
[Site "Dresden GER"]
[Date "2010.02.13"]
[Round "4"]
[White "Ranki,Martti"]
[Black "Blaeser,R"]
[Result "1/2-1/2"]
[WhiteElo "1927"]
[BlackElo "2163"]

1.e4 d5 2.exd5 Qxd5 3.Nc3 Qd6 4.d4 Nf6 5.Nf3 a6 6.Bd3 Bg4 7.Be3 Nbd7 8.O-O e6
9.h3 Bh5 10.Be2 b5 11.a3 Be7 12.Qd2 O-O 13.Bf4 Qb6 14.d5 exd5 15.Nxd5 Nxd5
16.Qxd5 Nf6 17.Qb3 Rfe8 18.Rae1 Bd6 19.Be3 Bc5 20.Bd1 Bxe3 21.Rxe3 Rxe3 22.Qxe3 Qxe3  1/2-1/2

[Event "Uxbridge Int Fischer"]
[Site "Uxbridge ENG"]
[Date "2010.02.13"]
[Round "1"]
[White "Josse,Mar"]
[Black "Lewis,AnM"]
[Result "1-0"]
[WhiteElo "2064"]
[BlackElo "2066"]

1.e4 d5 2.exd5 Qxd5 3.Nc3 Qd6 4.d4 Nf6 5.Nf3 c6 6.g3 Bg4 7.Bg2 e6 8.O-O Be7
9.Bf4 Qd8 10.Re1 O-O 11.h3 Bh5 12.g4 Bg6 13.Ne5 Nbd7 14.Nxg6 hxg6 15.Qe2 Re8
16.a3 Nd5 17.Nxd5 cxd5 18.Qd2 Nb6 19.b3 Qd7 20.Rec1 Rec8 21.Bf1 Bd6 22.Be3 Qe7
23.Bg5 f6 24.Bf4 Bxa3 25.Rd1 Bb4 26.Qd3 Bc3 27.Rab1 Kf7 28.Qg3 Bb4 29.Bd3 g5
30.Be3 g6 31.Kg2 Bd6 32.Qf3 Kg7 33.Rh1 Rh8 34.c4 Bc7 35.Bd2 Rad8 36.c5 Nc8
37.Rbe1 a6 38.Re2 Qd7 39.Bc2 Qf7 40.Qd3 Rde8 41.Rhe1 Bd8 42.b4 Na7 43.f4 gxf4
44.Bxf4 Nc6 45.Qd2 f5 46.Ba4 Bf6 47.g5 Bd8 48.Bxc6 bxc6 49.Be5+ Kg8 50.Bxh8 Kxh8
51.h4 f4 52.Qd3 a5 53.bxa5 Bxa5 54.Ra1 Bc7 55.Ra6 e5 56.dxe5 Qe6 57.Qh3 Bxe5
58.Qxe6 Rxe6 59.Ra1 Bxa1 60.Rxe6 Kg7 61.Rxc6 Be5 62.Kf3 Kf7 63.Ra6 Bb8 64.Rf6+ Kg7
65.Rxf4  1-0

[Event "TCh-Eur Seniors"]
[Site "Dresden GER"]
[Date "2010.02.14"]
[Round "5"]
[White "Zunker,R"]
[Black "Borwell,A"]
[Result "1-0"]
[WhiteElo "2160"]
[BlackElo "2018"]

1.e4 d5 2.exd5 Qxd5 3.Nc3 Qd6 4.d4 Nf6 5.Nf3 c6 6.Ne5 Nbd7 7.Nc4 Qc7 8.Qf3 Nb6
9.Bf4 Qd8 10.Be5 Nbd5 11.h3 Nxc3 12.Qxc3 Bf5 13.O-O-O e6 14.g4 Bg6 15.Bg2 Nd5
16.Qb3 b5 17.Ne3 Qb6 18.Rhe1 a5 19.Bxd5 a4 20.Qc3 Rc8 21.Bf3 Qa6 22.Qd2 b4
23.Be2 Qa8 24.Bd3 b3 25.a3 f6 26.Bg3 c5 27.d5 Bxd3 28.Qxd3 c4 29.Nxc4 bxc2
30.Rd2 Bc5 31.Rxe6+ Kf7 32.Bd6 Rhd8 33.Bxc5 Rxc5 34.Nd6+ Kg8 35.Qe3 Rxd5
36.Rxd5  1-0

[Event "TCh-FIN 2009-10"]
[Site "Finland FIN"]
[Date "2010.02.14"]
[Round "7"]
[White "Nokso Koivisto,An"]
[Black "Kivisto,M"]
[Result "1/2-1/2"]
[WhiteElo "2188"]
[BlackElo "2277"]

1.e4 d5 2.exd5 Qxd5 3.Nc3 Qd6 4.d4 a6 5.Nf3 Nf6 6.Be2 Nc6 7.h3 Bf5 8.Be3 O-O-O
9.O-O e5 10.dxe5 Nxe5 11.Qc1 Nxf3+ 12.Bxf3 Be7 13.Rb1 Qb4 14.a3 Qc4 15.Be2 Qc6
16.Bf3 Qc4 17.Be2 Qc6 18.Bf3 Qc4  1/2-1/2

[Event "TCh-Eur Seniors"]
[Site "Dresden GER"]
[Date "2010.02.15"]
[Round "6"]
[White "Van Oosten,A"]
[Black "Haubt,G"]
[Result "0-1"]
[WhiteElo "2126"]
[BlackElo "2266"]

1.e4 d5 2.exd5 Qxd5 3.Nc3 Qd6 4.Nf3 Nf6 5.d4 a6 6.Bc4 Bg4 7.h3 Bh5 8.g4 Bg6
9.Ne5 Nc6 10.Nxg6 hxg6 11.Be3 e6 12.g5 Nd7 13.Qg4 Nb6 14.Be2 Qb4 15.O-O-O Nc4
16.Bxc4 Qxc4 17.Qf3 Bb4 18.Rd3 Bd6 19.Kb1 a5 20.Rhd1 a4 21.Bf4 Ra5 22.Bxd6 cxd6
23.Ne4 Rd5 24.Nd2 Qa6 25.Qf4 e5 26.Qg4 O-O 27.h4 Rxd4 28.Rxd4 Nxd4 29.h5 d5
30.Nf3 Qe2  0-1

[Event "4th SOP-SMAOK Open"]
[Site "Athens GRE"]
[Date "2010.02.16"]
[Round "6"]
[White "Marianidis,D"]
[Black "Koerant,F"]
[Result "1/2-1/2"]
[WhiteElo "1837"]
[BlackElo "2061"]

1.e4 d5 2.exd5 Qxd5 3.Nc3 Qd6 4.d4 Nf6 5.Nb5 Qd8 6.Nf3 c6 7.Nc3 Bg4 8.Be3 e6
9.h3 Bh5 10.g4 Bg6 11.a3 Nbd7 12.Bd3 Bxd3 13.Qxd3 Bd6 14.O-O-O O-O 15.Ng5 Qe7
16.Nce4 Nxe4 17.Nxe4 b5 18.g5 Rfd8 19.Rhg1 g6 20.h4 c5 21.Nxd6 Qxd6 22.dxc5 Qxd3
23.Rxd3 Ne5 24.Rxd8+ Rxd8 25.Rd1 Rxd1+ 26.Kxd1 Kf8 27.Ke2 Ke7 28.f4 Nc4 29.Bd4 Kd7
30.Kd3 Kc6 31.a4 a6 32.axb5+ axb5 33.Kc3 Kd5 34.b3 Na5 35.Kd3 Nb7 36.c4+ bxc4+
37.bxc4+ Kc6 38.Kc3 Na5 39.Kb4 Nb7 40.Kc3 Na5 41.Kb4 Nb7 42.Kc3 Na5 43.Kb4  1/2-1/2

[Event "TCh-Eur Seniors"]
[Site "Dresden GER"]
[Date "2010.02.16"]
[Round "7"]
[White "Wademark,H"]
[Black "Maes,V"]
[Result "1/2-1/2"]
[WhiteElo "2083"]
[BlackElo "2163"]

1.e4 d5 2.exd5 Qxd5 3.Nc3 Qd6 4.Nf3 Nf6 5.d4 c6 6.Be2 Bg4 7.O-O e6 8.Bg5 Nbd7
9.Qd2 Qc7 10.Rfe1 Be7 11.Rad1 O-O 12.h3 Bh5 13.Ne5 Bxe2 14.Qxe2 Nxe5 15.dxe5  1/2-1/2